|
|
|
|
| LEADER |
01147nam a22002897a 4500 |
| 001 |
36062 |
| 003 |
BD-DhAAL |
| 005 |
20250626124601.0 |
| 008 |
191212t2002 cn a|||| b||| 001 0 eng d |
| 020 |
|
|
|a 9780176169497
|
| 040 |
|
|
|a BD-DhAAL
|d BD-DhAAL
|
| 082 |
|
|
|a 372.21
|2 23
|
| 100 |
|
|
|a Shipley, Dale,
|d 1945-
|9 38295
|
| 245 |
|
|
|a Empowering children :
|b play-based curriculum for lifelong learning /
|c Dale Shipley.
|
| 250 |
|
|
|a Third edition.
|
| 260 |
|
|
|a Canada :
|b Thomson,
|c c2002.
|
| 300 |
|
|
|a xxi, 458 pages :
|b illustrations ;
|c 23 cm.
|
| 504 |
|
|
|a Includes bibliographical references and index.
|
| 541 |
|
|
|a Complimentary copy from BIED
|e 36062
|
| 650 |
|
|
|a Play.
|9 39582
|
| 650 |
|
|
|a Early childhood education.
|9 38297
|
| 650 |
|
|
|a Curriculum planning.
|9 38298
|
| 650 |
|
|
|a Early childhood education
|v Textbooks.
|9 39583
|
| 852 |
|
|
|a Ayesha Abed Library
|c BIED Collection
|
| 942 |
|
|
|2 ddc
|c BK
|
| 999 |
|
|
|c 42041
|d 42041
|
| 952 |
|
|
|0 0
|1 0
|2 ddc
|4 0
|6 372_210000000000000_SHI
|7 0
|9 67443
|a BRACUL
|b BRACUL
|c GEN
|d 2019-12-12
|e Complimentary copy from BIED
|l 0
|o 372.21 SHI
|p 3010036062
|r 2019-12-12
|t 1
|w 2019-12-12
|y BK
|x Transferred from BIED to General Stacks
|